| 000 | 00765nam a2200205 a 4500 | ||
|---|---|---|---|
| 003 | 0 | ||
| 005 | 20250212143704.0 | ||
| 008 | 120719s19uu xx 00 eng d | ||
| 050 |
_aPGS QR 53 _b.C545 2012 |
||
| 100 | _aChoi, Ha Rim. | ||
| 245 |
_aEffect of Psidium guajava leaves on E. Coli / _cHa Rim Choi. |
||
| 260 |
_aLas PiƱas City, Philippines : _bSouthville International School and Colleges, _c2012. |
||
| 300 |
_a26 pages : _billustrations ; _c28 cm. |
||
| 504 | _aIncludes bibliographical references. | ||
| 650 |
_aPsidium guajava _vAntibacterial properties. |
||
| 650 |
_aEscherichia coli _vEffect of plant extracts on. |
||
| 650 |
_aEscherichia coli _vGrowth inhibition. |
||
| 650 |
_aPlant extracts _vAntimicrobial activity. |
||
| 942 |
_2lcc _cPASS |
||
| 999 |
_c98734 _d98734 |
||